Gaming Quiz

Random Gaming or Nintendo Quiz

Legend of Zelda: No Showdown with Ganon Quiz Stats

 Plays Quiz not verified by Sporcle

Score 0/9 Timer 02:00
0 Plays Today
Games % Correct
Majora's Mask
85.1%
Link's Awakening
79.3%
Skyward Sword
78%
Four Swords
76.7%
The Minish Cap
75.8%
Spirit Tracks
74.9%
Phantom Hourglass
74.5%
Zelda II: The Adventure of Link
74%
Tri Force Heroes
52.4%

You're not logged in!

Compare scores with friends on all Sporcle quizzes.
OR
Log In

Sporcle TV

Today on Sporcle TV


Watch our educational content, quiz creation guides, and fun videos on Sporcle TV.

Show Comments

Extras

Top Quizzes Today


Score Distribution

Your Account Isn't Verified!

In order to create a playlist on Sporcle, you need to verify the email address you used during registration. Go to your Sporcle Settings to finish the process.

Report this User

Report this user for behavior that violates our Community Guidelines.

Details: